000
00296nam a22001337a 4500
082
_a
8948123
_b
H&C/H
100
_a
HANNA G
245
_a
HELEN KELLER
250
_a
FIRST
260
_a
THRISSUR
_b
H&C PUBLISHING HOUSE
_c
2010
300
_a
48
650
_a
MALAYALAM SHORT STORY
_z
KERALA
942
_c
BK
999
_c
1086
_d
1086